000 00427nam a2200169Ia 4500
008 130318s9999 xx 000 0 und d
020 _a256140782
082 _a658.45 LES/L
100 _aLesikar, Raymond V
245 _aLesikar's basic business communication
250 _a7
260 _bIRWIN
_aChicago
_c1996
300 _a624
650 _aBUSINESS COMMUNICATION
700 _aPettit, John D
700 _aMarie E Flatley
999 _c368
_d368